00351nam a2200085Ia 4500008004100000245010300041260000900144300008800153650002400241180130s9999 xx 000 0 und d cMartin-Vazquez, Ma-JoseaCognitive-behavior and narrative therapy in obsessive-compulsive disorder c2015 aBook title: Contemporary clinical psychology--Acession number C20256; pages 165-178 aCLINICAL PSYCHOLOGY